000 01064nam a2200313 i 4500
001 000016643
003 DO-SdBNP
005 20260526104224.0
007 ta
008 100308s1988 dr a r 000 0 spa d
040 _aDO-SdBNP
_bspa
_cBNPHU
_erda
041 _aspa
082 4 _a641.25903
_bC531v
_222
100 1 _aChez Checo, José,
_d1949-
_eautor
_4aut.
_910145
245 1 0 _aVocabulario del ron /
_cJosé Chez Checo.
250 _aprimera edición
264 1 _aSanto Domingo, República Dominicana :
_bediciones Centenario de Brugal,
_c1988.
300 _a134 páginas :
_bilustraciones ;
_c21 cm.
336 _atexto
_btxt
_2rdacontent
337 _asin mediación
_bn
_2rdamedia
338 _avolumen
_bnc
_2rdacarrier
500 _aIncluye datos biográficos del autor en la solapa de la cubierta.
504 _aBibliografía : páginas 129-134.
590 _aInventariado, 2018/BT
650 4 _aRon
_xDiccionarios
_936978
650 4 _aIndustria licorera
_xDiccionarios
_936979
910 _aValidado. Control de calidad. EMS
942 _2ddc
_cLBS1
999 _c16176
_d16176